[Event "GER GM06-A email"]
[Site "GER email"]
[Date "2017.06.26"]
[Round "?"]
[White "Brodda, Wolfgang"]
[Black "Manso Gil, Angel Jeronimo"]
[Result "1/2-1/2"]
[WhiteElo "2572"]
[BlackElo "2574"]
[PlyCount "61"]
[EventDate "2017.??.??"]
[EventType "tourn (corr)"]
[EventRounds "13"]
[EventCountry "GER"]
[SourceTitle "Corr 2020"]
[Source "ChessBase"]
[SourceDate "2019.09.30"]
[SourceVersion "1"]
[SourceVersionDate "2019.09.30"]
[SourceQuality "1"]

1. d4 d5 2. Nf3 Nf6 3. c4 e6 4. Nc3 c6 5. Bg5 h6 6. Bh4 dxc4 7. e4 g5 8. Bg3 b5 9. Be2 Bb7 10. 0-0 Nbd7 11. Ne5 Bg7 12. Nxd7 Nxd7 13. Bd6 a6 14. a4 b4 15. Bxb4 Qb6 16. Ba3 Qxd4 17. Qc2 c5 18. Rad1 Qe5 19. Bxc4 Qc7 20. Ne2 Be5 21. Kh1 0-0 22. b3 Rfd8 23. f4 gxf4 24. Bc1 Nf6 25. Nxf4 Rd4 26. Rxd4 Bxd4 27. Ne2 Be5 28. Ng3 Bxg3 29. Rxf6 Be5 30. Rxh6 Rd8 31. Rh4 1/2-1/2

[Event "GER GM06-A email"]
[Site "GER email"]
[Date "2017.06.26"]
[Round "?"]
[White "Manso Gil, Angel Jeronimo"]
[Black "Fleetwood, Daniel M"]
[Result "1/2-1/2"]
[WhiteElo "2574"]
[BlackElo "2571"]
[PlyCount "80"]
[EventDate "2017.??.??"]
[EventType "tourn (corr)"]
[EventRounds "13"]
[EventCountry "GER"]
[SourceTitle "Corr 2020"]
[Source "ChessBase"]
[SourceDate "2019.09.30"]
[SourceVersion "1"]
[SourceVersionDate "2019.09.30"]
[SourceQuality "1"]

1. e4 c5 2. Nf3 Nc6 3. d4 cxd4 4. Nxd4 Nf6 5. Nc3 e5 6. Ndb5 d6 7. Nd5 Nxd5 8. exd5 Nb8 9. a4 Be7 10. Be2 0-0 11. 0-0 Nd7 12. Bd2 f5 13. a5 a6 14. Na3 e4 15. Nc4 Ne5 16. Nb6 Rb8 17. Bc3 Bf6 18. Qd2 Bd7 19. Bd4 Qe7 20. Rae1 Rbe8 21. Kh1 Qd8 22. Be3 h6 23. c4 Bg5 24. g3 Rf7 25. b4 Ref8 26. Bf4 Be8 27. Rc1 Rc7 28. Qe3 Kh7 29. c5 Bb5 30. Bxg5 hxg5 31. Bxb5 axb5 32. cxd6 Rxc1 33. Rxc1 Nd3 34. Rc8 Qxd6 35. Qxg5 f4 36. Rxf8 Qxf8 37. Nd7 Qxb4 38. Qh5+ Kg8 39. Qe8+ Kh7 40. Qh5+ Kg8 1/2-1/2

[Event "GER GM06-A email"]
[Site "GER email"]
[Date "2017.06.26"]
[Round "?"]
[White "Manso Gil, Angel Jeronimo"]
[Black "Zidu, Jan"]
[Result "1/2-1/2"]
[WhiteElo "2574"]
[BlackElo "2594"]
[PlyCount "70"]
[EventDate "2017.??.??"]
[EventType "tourn (corr)"]
[EventRounds "13"]
[EventCountry "GER"]
[SourceTitle "Corr 2020"]
[Source "ChessBase"]
[SourceDate "2019.09.30"]
[SourceVersion "1"]
[SourceVersionDate "2019.09.30"]
[SourceQuality "1"]

1. e4 e5 2. Nf3 Nc6 3. Bc4 Bc5 4. 0-0 Nf6 5. d3 0-0 6. c3 d6 7. Bg5 h6 8. Bh4 g5 9. Bg3 a6 10. a4 Ba7 11. Nbd2 Nh7 12. h3 h5 13. Kh1 Kh8 14. b4 g4 15. Nh4 Qf6 16. f4 gxh3 17. gxh3 Rg8 18. fxe5 Qg5 19. Rxf7 Qxg3 20. Rxh7+ Kxh7 21. Qxh5+ Kg7 22. Nf5+ Bxf5 23. exf5 Nxe5 24. f6+ Kf8 25. Bxg8 Qxg8 26. d4 Bxd4 27. cxd4 Qd5+ 28. Kh2 Qxd4 29. Qh6+ Ke8 30. Rf1 Qd5 31. Rf2 Kd7 32. Qg7+ Nf7 33. Qg4+ Kc6 34. Ne4 Qc4 35. Nd2 Qd5 1/2-1/2

[Event "GER GM05-A email"]
[Site "GER email"]
[Date "2016.06.26"]
[Round "?"]
[White "Koegler, Klaus"]
[Black "Manso Gil, Angel Jeronimo"]
[Result "1/2-1/2"]
[WhiteElo "2542"]
[BlackElo "2578"]
[PlyCount "48"]
[EventDate "2016.??.??"]
[EventType "tourn (corr)"]
[EventRounds "13"]
[EventCountry "GER"]
[SourceTitle "Corr 2017"]
[Source "ChessBase"]
[SourceDate "2017.09.19"]
[SourceVersion "1"]
[SourceVersionDate "2017.09.19"]
[SourceQuality "1"]

1. Nf3 d5 2. g3 c5 3. Bg2 Nf6 4. 0-0 e6 5. c4 d4 6. e3 Nc6 7. exd4 cxd4 8. d3 Bd6 9. Bg5 h6 10. Bxf6 Qxf6 11. Nbd2 Qe7 12. a3 a5 13. Ne4 Bc7 14. b4 axb4 15. axb4 Rxa1 16. Qxa1 f5 17. Nc5 0-0 18. Rb1 Nxb4 19. Rxb4 Qxc5 20. Rb5 Qd6 21. Qxd4 Rd8 22. Qxd6 Rxd6 23. Ne1 b6 24. c5 bxc5 1/2-1/2

[Event "GER GM05-A email"]
[Site "GER email"]
[Date "2016.06.26"]
[Round "?"]
[White "Manso Gil, Angel Jeronimo"]
[Black "Dunlop, Gordon"]
[Result "1-0"]
[WhiteElo "2578"]
[BlackElo "2578"]
[PlyCount "47"]
[EventDate "2016.??.??"]
[EventType "tourn (corr)"]
[EventRounds "13"]
[EventCountry "GER"]
[SourceTitle "Corr 2017"]
[Source "ChessBase"]
[SourceDate "2017.09.19"]
[SourceVersion "1"]
[SourceVersionDate "2017.09.19"]
[SourceQuality "1"]

1. Nf3 d5 2. c4 d4 3. b4 f6 4. e3 e5 5. c5 d3 6. Qb3 e4 7. Nd4 f5 8. g4 Nc6 9. Bb2 Nxd4 10. Bxd4 Ne7 11. Bg2 Nc6 12. Bb2 Qg5 13. 0-0 Qxg4 14. Kh1 Bd7 15. Nc3 0-0-0 16. Nd5 Be6 17. Nb6+ axb6 18. Qxe6+ Rd7 19. Qc4 h5 20. a4 bxc5 21. bxc5 Qg6 22. a5 Nb8 23. f3 Qa6 24. Qb3 1-0

[Event "GER GM05-A email"]
[Site "GER email"]
[Date "2016.06.26"]
[Round "?"]
[White "Manso Gil, Angel Jeronimo"]
[Black "Iotov, Valentin Dimitrov"]
[Result "1/2-1/2"]
[WhiteElo "2578"]
[BlackElo "2567"]
[PlyCount "63"]
[EventDate "2016.??.??"]
[EventType "tourn (corr)"]
[EventRounds "13"]
[EventCountry "GER"]
[SourceTitle "Corr 2017"]
[Source "ChessBase"]
[SourceDate "2017.09.19"]
[SourceVersion "1"]
[SourceVersionDate "2017.09.19"]
[SourceQuality "1"]

1. Nf3 d5 2. d4 Nf6 3. c4 c6 4. e3 e6 5. b3 c5 6. Bb2 cxd4 7. Nxd4 e5 8. Nf3 Nc6 9. a3 Bd6 10. cxd5 Nxd5 11. Nbd2 f6 12. b4 Be6 13. Bd3 Qd7 14. 0-0 0-0 15. Qb1 g6 16. Ne4 Be7 17. Rd1 Qe8 18. h4 Kg7 19. h5 Nb6 20. Bc3 Rc8 21. Be1 Qf7 22. b5 Nb8 23. Bb4 N8d7 24. Bc2 Nd5 25. Bxe7 Qxe7 26. hxg6 hxg6 27. Bb3 Nc3 28. Nxc3 Rxc3 29. Nh4 Rxb3 30. Qxg6+ Kh8 31. Rd6 Qxd6 32. Qh6+ 1/2-1/2

[Event "GER GM05-A email"]
[Site "GER email"]
[Date "2016.06.26"]
[Round "?"]
[White "Manso Gil, Angel Jeronimo"]
[Black "Sikorsky, Horst"]
[Result "1/2-1/2"]
[WhiteElo "2578"]
[BlackElo "2506"]
[PlyCount "63"]
[EventDate "2016.??.??"]
[EventType "tourn (corr)"]
[EventRounds "13"]
[EventCountry "GER"]
[SourceTitle "Corr 2017"]
[Source "ChessBase"]
[SourceDate "2017.09.19"]
[SourceVersion "1"]
[SourceVersionDate "2017.09.19"]
[SourceQuality "1"]

1. d4 Nf6 2. c4 g6 3. Nc3 Bg7 4. e4 d6 5. Nf3 0-0 6. h3 e5 7. d5 Nh5 8. g3 Na6 9. Be3 f5 10. exf5 gxf5 11. Ng5 Nf6 12. Qd2 Qe7 13. 0-0-0 h6 14. Nf3 Nc5 15. Bxc5 dxc5 16. Nh4 Kh7 17. d6 cxd6 18. Bd3 e4 19. Bc2 d5 20. cxd5 b5 21. g4 b4 22. Na4 Ne8 23. Nxf5 Bxf5 24. gxf5 Nd6 25. f3 c4 26. fxe4 c3 27. Qe2 cxb2+ 28. Kb1 Be5 29. Nxb2 Rac8 30. Rhg1 Bxb2 31. f6 Qe5 32. Rg7+ 1/2-1/2

[Event "GER GM05-A email"]
[Site "GER email"]
[Date "2016.06.26"]
[Round "?"]
[White "Staroske, Uwe"]
[Black "Manso Gil, Angel Jeronimo"]
[Result "0-1"]
[WhiteElo "2514"]
[BlackElo "2578"]
[PlyCount "108"]
[EventDate "2016.??.??"]
[EventType "tourn (corr)"]
[EventRounds "13"]
[EventCountry "GER"]
[SourceTitle "Corr 2020"]
[Source "ChessBase"]
[SourceDate "2019.09.30"]
[SourceVersion "1"]
[SourceVersionDate "2019.09.30"]
[SourceQuality "1"]

1. e4 e5 2. Nf3 Nc6 3. Bb5 a6 4. Bxc6 dxc6 5. h3 c5 6. d3 Bd6 7. Be3 Ne7 8. 0-0 Nc6 9. c3 0-0 10. Nbd2 Re8 11. Qc2 Bf8 12. Rad1 Qf6 13. Kh1 b6 14. a3 a5 15. a4 Ne7 16. Bg5 Qe6 17. Bh4 Ba6 18. Bg3 f6 19. b3 Rad8 20. Nc4 Ng6 21. Rfe1 Bb7 22. Nh4 Nf4 23. d4 cxd4 24. cxd4 Rxd4 25. Rxd4 exd4 26. Bxf4 Bxe4 27. Qc1 Qxh3+ 28. Kg1 Qxh4 29. f3 Bc6 30. Rxe8 Bxe8 31. Bxc7 b5 32. Nd6 d3 33. Ne4 f5 34. Nf2 bxa4 35. bxa4 Qxa4 36. Qe3 Bf7 37. Qxd3 Qb4 38. Qxf5 Qe1+ 39. Kh2 Qxf2 40. Qxa5 Qh4+ 41. Kg1 Qd4+ 42. Kh1 Qd1+ 43. Kh2 Qd5 44. Qxd5 Bxd5 45. Kh3 Kf7 46. Be5 g5 47. Kg4 Kg6 48. Kh3 Bc5 49. Kh2 Bf2 50. Bc7 h5 51. Ba5 Kf5 52. Bc7 g4 53. fxg4+ hxg4 54. g3 Ke4 0-1